Sardinian Monarchs - Statistics

General Stats
  • This quiz has been taken 20 times
  • The average score is 17 of 28
Answer Stats
Hint Answer % Correct
1802-1821 Victor Emmanuel I
100%
1849-1878 Victor Emmanuel II
100%
1900-1946 Victor Emmanuel III
100%
1796-1802 Charles Emmanuel IV
94%
1878-1900 Umberto I
94%
1946 Umberto II
94%
1831-1849 Charles Albert
88%
1821-1831 Charles Felix
88%
1516-1556 Charles I
88%
1665-1700 Charles II
88%
1708-1720 Charles III
88%
1730-1773 Charles Emmanuel III
69%
1720-1730 Victor Amadeus II
69%
1773-1796 Victor Amadeus III
69%
1387-1396 John I
44%
1458-1479 John II
44%
1336-1387 Peter IV
44%
1412-1416 Ferdinand I
38%
1479-1516 Ferdinand II
38%
1556-1598 Philip II
38%
1598-1621 Philip III
38%
1621-1665 Philip IV
38%
1700-1708 Philip V
38%
1324-1327 James II
25%
1327-1336 Alfonso IV
19%
1416-1458 Alfonso V
19%
1516-1555 Joanna
19%
1396-1410 Martin
13%
No matching quizzes found
Score Distribution
Percent of People with Each Score
Percentile by Number Answered
Your Score History
You have not taken this quiz